| 000 | 00440nam a2200109Ia 4500 | ||
|---|---|---|---|
| 008 | 171204s9999 xx 000 0 und d | ||
| 245 | _aDBT Skills in Schools: Skills Training for Emotional Problem Solving for Adolescents (DBT STEPS-A) | ||
| 245 | _cAlec L. Miller, Elizabeth T. Dexter-Mazza, and James J. Mazza | ||
| 260 | _c2016 | ||
| 650 | _xField Study 4: Exploring the Curriculum | ||
| 856 | _uhttp://down.ebook777.com/034/1462525598.pdf | ||
| 999 |
_c345828 _d345828 |
||